000 00438nam a2200181Ia 4500
001 14476
005 20260306164917.0
008 260306t2002||||xx |||||||||||||| ||spa||
041 _aESP
082 _a515.1
_bI69 V. 3
100 _aIriarte Calderón, Teófilo
_eAUT
245 0 _aIntroducción al análisis matemático
260 _c2002
300 _aV. 3
_c21 cm.
650 _aGEN
654 _aCMA
942 _cLIB
_dJUS
_fJUS
_2ddc
_n
999 _c14476
_d14476